The book of religion and empire : (Record no. 28686)
[ view plain ]
| 000 -LEADER | |
|---|---|
| fixed length control field | 01056nam a2200241 a 4500 |
| 001 - CONTROL NUMBER | |
| control field | 28686 |
| 003 - CONTROL NUMBER IDENTIFIER | |
| rucl marc code | BD-RjUL |
| 005 - DATE AND TIME OF LATEST TRANSACTION | |
| control field | 20211209051321.0 |
| 008 - FIXED-LENGTH DATA ELEMENTS--GENERAL INFORMATION | |
| fixed length control field | 731015s1922 enk 001 0 eng c |
| 035 ## - SYSTEM CONTROL NUMBER | |
| System control number | (BD-RjUL)28768 |
| 040 ## - CATALOGING SOURCE | |
| Original cataloging agency | KEN |
| Transcribing agency | KEN |
| Modifying agency | GZM |
| -- | EQO |
| -- | BD-RjUL |
| Language of cataloging | eng |
| 041 1# - LANGUAGE CODE | |
| Language code of text/sound track or separate title | eng |
| Language code of original | ara |
| 082 ## - DEWEY DECIMAL CLASSIFICATION NUMBER | |
| Edition number | 23 |
| Classification number | 297 |
| Author mark and year | TAB 1922 |
| 100 1# - MAIN ENTRY--PERSONAL NAME | |
| Personal name | Ṭabarī, ʿAlī ibn Sahl Rabbān, |
| Dates associated with a name | active 9th century. |
| 9 (RLIN) | 224338 |
| 245 14 - TITLE STATEMENT | |
| Title | The book of religion and empire : |
| Remainder of title | a semi-official defence and exposition of Islām written by order at the court and with the assistance of the Caliph Mutawakkil (A.D. 847-861) / |
| Statement of responsibility, etc. | by ʿAli Ṭabari ; translated with critical apparatus from an apparently unique ms. in the John Rylands Library / by A. Mingana. |
| 260 ## - PUBLICATION, DISTRIBUTION, ETC. (IMPRINT) | |
| Place of publication, distribution, etc. | Manchester : |
| Name of publisher, distributor, etc. | University Press ; |
| Place of publication, distribution, etc. | New York : |
| Name of publisher, distributor, etc. | Longmans, Green, |
| Date of publication, distribution, etc. | 1922. |
| 300 ## - PHYSICAL DESCRIPTION | |
| Pagination | xxiv, 174 p. ; |
| Size | 23 cm. |
| 500 ## - GENERAL NOTE | |
| General note | Includes index. |
| 650 #0 - SUBJECT ADDED ENTRY--TOPICAL TERM | |
| Topical term or geographic name as entry element | Islam |
| Form subdivision | Apologetic works. |
| 9 (RLIN) | 224339 |
| 700 1# - ADDED ENTRY--PERSONAL NAME | |
| Personal name | Mingana, Alphonse, |
| Dates associated with a name | 1881-1937, tr. |
| 942 ## - ADDED ENTRY ELEMENTS (KOHA) | |
| Source of classification or shelving scheme | Dewey Decimal Classification |
| Koha item type | Rare Books |
| Lost status | Source of classification or shelving scheme | Damaged status | Not for loan | Collection code | Permanent Location | Current Location | Shelving location | Date acquired | Source of acquisition | Cost, normal purchase price | Total Checkouts | Full call number | Date last seen | Copy number | Koha item type |
|---|---|---|---|---|---|---|---|---|---|---|---|---|---|---|---|
| Dewey Decimal Classification | Not For Loan | Rare Books | Central Library, University of Rajshahi | Central Library, University of Rajshahi | Rare Book Section | 23/11/1966 | A. I. Quraishi | 10.05 | RA 297 TAB 1922 | 28/10/2018 | C-1 | Rare Books |